01205 2200361 4500001002100000005001500021035002000036007000300056008004100059020002200100082001500122084001700137100003100154245019100185250003500376300004700411650002300458700002800481700003000509700002200539700003300561264003200594336002100626337003000647338002300677040002200700090002200722850001200744504003200756999002200788500001100810990002200821INLIS00000000088673920240522104523 a0010-0524000570ta240522s2024 yoia g 1 | ind d a978-623-02-7978-204223a621.31 a621.31 ZUL p0 aZulkiffli SalehePengarang10aPengembangan pembangkit listrik tenaga mikro hidro (pltmh) sebagai solusi untuk mewujudkan desa mandiri energi /cZulkiffli Saleh, Eko Ariyanto, Yetty Hastiana, Robiah, Merisha Hastarina aCetakan pertama: Februari 2024 axii, 334 halaman :bgambar, tabel ;c23 cm 4aPembangkit listrik0 aEko AriyantoePengarang0 aYetty HastianaePengarang0 aRobiahePengarang0 aMerisha HastarinaePengarang31aSleman :bDeepublish,c2024 2rdacontentateks 2rdamediaatanpa perantara 2rdacarrieravolume aYOPDYOGbinderda aCB-D.11 2024-0703 aYOPDYOG aBibliografi : halaman 94-95 aCB-D.11/2024-0703 aIndeks aCB-D.11/2024-0703